[Event "4NCL"]
[Site "De Vere, Sunningdale, ENG"]
[Date "2012.02.12"]
[Round "112.3"]
[White "Fraser-Mitchell, Jeremy N"]
[Black "Bak, Andrew"]
[Result "1/2-1/2"]
[WhiteElo "2085"]
[BlackElo "2027"]
[PlyCount "119"]
[EventDate "2012.??.??"]
[WhiteTeam "FCA Solutions 1"]
[BlackTeam "Bradford DCA Knights A"]

1. d4 Nf6 2. c4 c5 3. d5 b5 4. cxb5 a6 5. Nc3 axb5 6. e4 b4 7. Nb5 d6 8. Bc4
Nbd7 9. Nf3 Nb6 10. Bd3 e5 11. dxe6 fxe6 12. b3 Be7 13. O-O O-O 14. Bb2 e5 15.
a4 Bg4 16. h3 Bxf3 17. Qxf3 Ra5 18. Qe2 Qe8 19. Rad1 Qf7 20. Bc2 Rd8 21. g3 Kh8
22. Bc1 Qe6 23. Kh2 Rc8 24. f4 c4 25. f5 Qd7 26. Bd2 cxb3 27. Bxb3 Nxa4 28. Be6
Qxb5 29. Qxb5 Rxb5 30. Bxc8 Rb8 31. Be6 Nxe4 32. Bxb4 Rxb4 33. Rb1 Rxb1 34.
Rxb1 g6 35. Rb7 Bf6 36. Kg2 Nac5 37. Ra7 Ng5 38. h4 Ngxe6 39. fxe6 Nxe6 40. Rd7
Nf8 41. Rxd6 Kg7 42. Ra6 Kf7 43. Kf3 Nd7 44. Ra7 Ke6 45. Ra6+ Kd5 46. Ra7 e4+
47. Ke2 Ne5 48. Rxh7 Ng4 49. h5 gxh5 50. Rxh5+ Kd4 51. Ra5 Be5 52. Ra8 Nf6 53.
Rd8+ Nd5 54. g4 Bf4 55. Kf2 Bg5 56. Re8 Nc3 57. Re6 e3+ 58. Kf3 e2 59. Rxe2
Nxe2 60. Kxe2 1/2-1/2

[Event "4NCL"]
[Site "De Vere, Sunningdale, ENG"]
[Date "2012.02.12"]
[Round "112.4"]
[White "Hackner, Oskar A"]
[Black "Malhotra, Tarun"]
[Result "1/2-1/2"]
[WhiteElo "2014"]
[BlackElo "1982"]
[PlyCount "126"]
[EventDate "2012.??.??"]
[WhiteTeam "Bradford DCA Knights A"]
[BlackTeam "FCA Solutions 1"]

1. d4 f5 2. Bg5 g6 3. c4 Bg7 4. Nc3 Nf6 5. g3 d6 6. Bg2 Nc6 7. Nf3 Bd7 8. d5
Na5 9. Qd3 c5 10. a3 Qc7 11. Nd2 Rc8 12. e4 O-O 13. O-O a6 14. a4 b6 15. Rfe1
h6 16. Bf4 g5 17. Be3 Ng4 18. exf5 Bxf5 19. Be4 Ne5 20. Qe2 g4 21. f4 gxf3 22.
Bxf3 Bd3 23. Qd1 Naxc4 24. Bg4 Nxg4 25. Qxg4 Ne5 26. Qh5 Rf5 27. Qh4 h5 28. Bg5
Rcf8 29. Qxh5 Nf7 30. Nce4 c4 31. g4 Rxg5 32. Nxg5 Qc5+ 33. Kh1 Qxd5+ 34. Ngf3
Ne5 35. Kg2 Qb7 36. Re3 Be2 37. Rxe2 Nxf3 38. Ne4 Ne5 39. Rf1 Rxf1 40. Kxf1 Qc8
41. h3 Nd3 42. Qd5+ Kh8 43. Ng5 Bf6 44. Ne6 Be5 45. Re3 Nb4 46. Qd2 Qxe6 47.
Qxb4 Qd5 48. Qxb6 Qd1+ 49. Kg2 Qd2+ 50. Kf3 Qd5+ 51. Ke2 Qg2+ 52. Kd1 Qf1+ 53.
Kc2 Kg7 54. a5 Kf7 55. Rxe5 dxe5 56. Qe3 Qf4 57. Qe2 Qd4 58. h4 e4 59. h5 Kg7
60. g5 e5 61. Qf1 Qd3+ 62. Qxd3 exd3+ 63. Kd2 e4 1/2-1/2

[Event "4NCL"]
[Site "De Vere, Sunningdale, ENG"]
[Date "2012.02.12"]
[Round "112.5"]
[White "Onley, EJ David"]
[Black "Edwards-Wright, Miles D"]
[Result "1-0"]
[WhiteElo "2099"]
[BlackElo "1995"]
[PlyCount "67"]
[EventDate "2012.??.??"]
[WhiteTeam "FCA Solutions 1"]
[BlackTeam "Bradford DCA Knights A"]

1. e4 g6 2. d4 Bg7 3. Nc3 d6 4. Bc4 a6 5. a4 e6 6. Nf3 b6 7. O-O h6 8. h3 Ne7
9. Bb3 Nd7 10. Ne2 Bb7 11. Ng3 O-O 12. c3 Kh7 13. Qe2 c5 14. Rd1 Qc7 15. h4 e5
16. h5 Rae8 17. hxg6+ fxg6 18. Nh5 exd4 19. Nxg7 Kxg7 20. cxd4 d5 21. Qd2 Rh8
22. exd5 c4 23. d6 Qxd6 24. Bxc4 Nf5 25. d5 Nf6 26. b3 Ne4 27. Bb2+ Kh7 28. Qc2
Rhf8 29. Ba3 Nc5 30. b4 Ne4 31. b5 Nc5 32. bxa6 Bc8 33. Bb5 Re7 34. Rac1 1-0

[Event "4NCL"]
[Site "De Vere, Sunningdale, ENG"]
[Date "2012.02.12"]
[Round "112.6"]
[White "Nicholson, Jim WR"]
[Black "Elwin, Adrian G"]
[Result "1/2-1/2"]
[WhiteElo "1990"]
[BlackElo "1986"]
[PlyCount "36"]
[EventDate "2012.??.??"]
[WhiteTeam "Bradford DCA Knights A"]
[BlackTeam "FCA Solutions 1"]

1. d4 Nf6 2. Nf3 g6 3. Bg5 Bg7 4. Nbd2 d6 5. e4 O-O 6. Be2 c6 7. c3 Nbd7 8. O-O
Qc7 9. Re1 e5 10. dxe5 Nxe5 11. Nxe5 dxe5 12. Qc2 Be6 13. Rad1 h6 14. Bh4 Rad8
15. Nf1 Rxd1 16. Rxd1 Rd8 17. Rxd8+ Qxd8 18. b4 b5 1/2-1/2

[Event "4NCL"]
[Site "De Vere, Sunningdale, ENG"]
[Date "2012.02.12"]
[Round "112.8"]
[White "Patrick, David A"]
[Black "Valentine, Brian J"]
[Result "0-1"]
[WhiteElo "1953"]
[BlackElo "1977"]
[PlyCount "76"]
[EventDate "2012.??.??"]
[WhiteTeam "Bradford DCA Knights A"]
[BlackTeam "FCA Solutions 1"]

1. e4 e5 2. Nf3 Nc6 3. Bb5 a6 4. Bxc6 dxc6 5. O-O Qd6 6. d4 exd4 7. Qxd4 Bg4 8.
e5 Qxd4 9. Nxd4 O-O-O 10. c3 Ne7 11. h3 c5 12. Nb3 Bf5 13. Be3 Nc6 14. f4 b6
15. Bf2 Be7 16. Re1 h5 17. N1d2 g5 18. fxg5 Bxg5 19. Nf3 Be7 20. Nbd2 Rhg8 21.
Kh2 Nxe5 22. Rxe5 Bd6 23. Nc4 Bxe5+ 24. Ncxe5 f6 25. Nc4 Bd3 26. Ne3 Be4 27.
Rd1 Bxf3 28. gxf3 Rxd1 29. Nxd1 Rd8 30. Ne3 Rd2 31. Kg2 Rxb2 32. Nd5 Rxa2 33.
Nxf6 a5 34. Nd5 a4 35. Kf1 a3 36. Bg3 Rd2 37. c4 a2 38. Be5 Rd4 0-1

[Event "4NCL"]
[Site "De Vere, Sunningdale, ENG"]
[Date "2012.02.12"]
[Round "113.1"]
[White "Rendle, Thomas E"]
[Black "Clarke, Brandon GI"]
[Result "1/2-1/2"]
[WhiteElo "2393"]
[BlackElo "2138"]
[PlyCount "90"]
[EventDate "2012.??.??"]
[WhiteTeam "Sambuca Sharks"]
[BlackTeam "Warwickshire Select 1"]

1. e4 e6 2. d4 d5 3. Nc3 dxe4 4. Nxe4 Be7 5. Nf3 Nf6 6. Nxf6+ Bxf6 7. c3 Nd7 8.
Bc4 O-O 9. O-O e5 10. dxe5 Nxe5 11. Nxe5 Qxd1 12. Rxd1 Bxe5 13. Re1 Bd6 14. Bg5
Bd7 15. Be7 Rfe8 16. Bxd6 cxd6 17. Red1 Be6 18. Be2 Rad8 19. Bf3 d5 20. Rd4 Rd7
21. Re1 Kf8 22. h4 Rc8 23. Red1 Rcd8 24. Kh2 Ke7 25. g4 Rd6 26. Kg3 R8d7 27.
R1d2 Rd8 28. Bd1 f6 29. Bb3 Bf7 30. f4 h5 31. gxh5 f5 32. Re2+ Kf6 33. Re5 R8d7
34. Bc2 Be6 35. Bd1 Rc7 36. Bf3 Rc4 37. a3 Rxd4 38. cxd4 Rb6 39. Re2 Rb3 40.
Rd2 Bf7 41. Kf2 Ke6 42. Bd1 Rh3 43. Kg2 Rxh4 44. Kg3 Rh1 45. Kg2 Rh4 1/2-1/2

[Event "4NCL"]
[Site "De Vere, Sunningdale, ENG"]
[Date "2012.02.12"]
[Round "113.2"]
[White "Mason, Donald J"]
[Black "Roberson, Peter T"]
[Result "0-1"]
[WhiteElo "2227"]
[BlackElo "2283"]
[PlyCount "120"]
[EventDate "2012.??.??"]
[WhiteTeam "Warwickshire Select 1"]
[BlackTeam "Sambuca Sharks"]

1. d4 e6 2. e4 d5 3. Nd2 Be7 4. Bd3 c5 5. c3 cxd4 6. cxd4 dxe4 7. Nxe4 Nf6 8.
Nf3 Nc6 9. O-O O-O 10. Nc3 b6 11. a3 Bb7 12. Bc2 Qd6 13. Qd3 Rad8 14. Bg5 Nxd4
15. Nxd4 Qxd4 16. Qh3 h6 17. Rad1 Qe5 18. Bc1 Rxd1 19. Rxd1 Rd8 20. Rxd8+ Bxd8
21. Qe3 Bc7 22. Qxe5 Bxe5 23. h3 Kf8 24. Be3 Ke7 25. f4 Bxc3 26. bxc3 Nd5 27.
Bd2 Nc7 28. a4 Bd5 29. Bc1 Bc4 30. Ba3+ Kd7 31. Bf8 Ne8 32. g4 Kc6 33. Kf2 e5
34. g5 hxg5 35. fxg5 Kd5 36. Ke3 Ke6 37. h4 g6 38. Bd1 Nd6 39. Bg4+ Nf5+ 40.
Bxf5+ Kxf5 41. Bd6 Bb3 42. Bb8 a6 43. Bc7 Bxa4 44. Bxb6 Bc6 45. Bc7 e4 46. c4
Kg4 47. Bb6 Kxh4 48. Kf4 Kh3 49. Ke5 Kg4 50. Kf6 Bd7 51. Kxf7 Kxg5 52. Ke7 Bf5
53. c5 e3 54. c6 e2 55. Ba5 Kf4 56. Kf6 Kf3 57. c7 Kf2 58. c8=Q Bxc8 59. Kxg6
e1=Q 60. Bxe1+ Kxe1 0-1

[Event "4NCL"]
[Site "De Vere, Sunningdale, ENG"]
[Date "2012.02.12"]
[Round "113.3"]
[White "Tavoularis, Nicholas"]
[Black "Pitcher, John"]
[Result "0-1"]
[WhiteElo "2167"]
[BlackElo "2205"]
[PlyCount "114"]
[EventDate "2012.??.??"]
[WhiteTeam "Sambuca Sharks"]
[BlackTeam "Warwickshire Select 1"]

1. f4 c5 2. Nf3 g6 3. e4 Bg7 4. Be2 Nc6 5. c3 Nf6 6. e5 Nd5 7. d4 cxd4 8. cxd4
O-O 9. Nc3 Nxc3 10. bxc3 d5 11. exd6 exd6 12. O-O Bf5 13. Bd3 Qa5 14. Qe2 Bxd3
15. Qxd3 Rac8 16. Bd2 Rc7 17. f5 Qxf5 18. Qxf5 gxf5 19. Rae1 Bf6 20. Ng5 Ne7
21. g4 Bxg5 22. Bxg5 f6 23. Bh6 Rd8 24. gxf5 Kf7 25. Rf3 Rg8+ 26. Kf2 b5 27.
Re4 b4 28. cxb4 Rc2+ 29. Re2 Rg2+ 30. Kxg2 Rxe2+ 31. Rf2 Re4 32. a3 a6 33. Rf4
Re2+ 34. Kg3 Re3+ 35. Rf3 Rxf3+ 36. Kxf3 Nxf5 37. Be3 Ke6 38. Ke4 Ne7 39. a4
f5+ 40. Kd3 Kd5 41. b5 axb5 42. axb5 Nc8 43. Bd2 Nb6 44. Ba5 Nc4 45. Bc7 f4 46.
b6 Na5 47. h4 Nb7 48. h5 h6 49. Bb8 Na5 50. Ke2 Nc6 51. Ba7 Nxd4+ 52. Kf2 Nc6
53. Kf3 Ke5 54. Kg4 Nd8 55. Bb8 Nb7 56. Bc7 Ke4 57. Kh3 Ke3 0-1

[Event "4NCL"]
[Site "De Vere, Sunningdale, ENG"]
[Date "2012.02.12"]
[Round "113.4"]
[White "Weaving, Richard"]
[Black "Sreeves, Clement"]
[Result "1-0"]
[WhiteElo "2116"]
[BlackElo "2233"]
[PlyCount "33"]
[EventDate "2012.??.??"]
[WhiteTeam "Warwickshire Select 1"]
[BlackTeam "Sambuca Sharks"]

1. e4 c5 2. Nc3 Nc6 3. Bb5 Nd4 4. Bc4 e6 5. Nge2 Nf6 6. O-O a6 7. d3 b5 8. Bb3
Nxb3 9. axb3 Bb7 10. Bg5 d6 11. f4 Be7 12. f5 O-O 13. Ng3 c4 14. bxc4 bxc4 15.
d4 Nxe4 16. Bxe7 Nxc3 17. Qg4 1-0

[Event "4NCL"]
[Site "De Vere, Sunningdale, ENG"]
[Date "2012.02.12"]
[Round "113.5"]
[White "MacQueen, Calum"]
[Black "Thomas, Nicholas"]
[Result "0-1"]
[WhiteElo "2219"]
[BlackElo "2268"]
[PlyCount "70"]
[EventDate "2012.??.??"]
[WhiteTeam "Sambuca Sharks"]
[BlackTeam "Warwickshire Select 1"]

1. d4 e6 2. c4 Nf6 3. g3 Bb4+ 4. Bd2 Qe7 5. Bg2 Nc6 6. Nf3 Bxd2+ 7. Nbxd2 d6 8.
O-O O-O 9. e4 e5 10. d5 Nb8 11. Ne1 a5 12. Nd3 Na6 13. f4 Nd7 14. Qh5 Nac5 15.
Nxc5 Nxc5 16. Rae1 Bd7 17. Nf3 f6 18. fxe5 fxe5 19. Ng5 h6 20. Nf3 Nd3 21. Rb1
a4 22. Bh3 Nb4 23. Bf5 Bxf5 24. exf5 Qf7 25. Qxf7+ Rxf7 26. a3 Nc2 27. Rbc1 Ne3
28. Rfe1 Nxf5 29. c5 Ra5 30. Kg2 Rb5 31. Re2 e4 32. Ne1 dxc5 33. Rc4 Rxb2 34.
Rcxe4 Rxe2+ 35. Rxe2 Re7 0-1

[Event "4NCL"]
[Site "De Vere, Sunningdale, ENG"]
[Date "2012.02.12"]
[Round "113.6"]
[White "Stepanyan, Henrik"]
[Black "Murphy, Hugh W"]
[Result "0-1"]
[WhiteElo "1942"]
[BlackElo "2217"]
[PlyCount "80"]
[EventDate "2012.??.??"]
[WhiteTeam "Warwickshire Select 1"]
[BlackTeam "Sambuca Sharks"]

1. c4 f5 2. d4 e6 3. Nc3 Nf6 4. Qc2 Bb4 5. Bg5 h6 6. Bxf6 Qxf6 7. Nf3 b6 8. e4
O-O 9. exf5 Bb7 10. Be2 Qxf5 11. Qxf5 Rxf5 12. Rc1 Nc6 13. O-O Rf4 14. d5 Nd4
15. Nxd4 Rxd4 16. Nb5 Rd2 17. Bf3 a6 18. Nc3 Rxb2 19. Ne4 Kf8 20. dxe6 dxe6 21.
c5 Re8 22. c6 Bc8 23. Rfd1 Ke7 24. Rc4 Rd8 25. Rxd8 Kxd8 26. Rd4+ Ke7 27. h4 a5
28. a4 Rc2 29. Ng3 Bc5 30. Rg4 Bxf2+ 31. Kh2 Kf8 32. Ne4 Bd4 33. Ng3 Bf6 34.
Nh5 Be5+ 35. Kh3 Kf7 36. Be4 Rc3+ 37. Bf3 g6 38. Nf4 h5 39. Nxh5 gxh5 40. Rg5
Bf4 0-1

[Event "4NCL"]
[Site "De Vere, Sunningdale, ENG"]
[Date "2012.02.12"]
[Round "113.7"]
[White "Cairns, Stephen"]
[Black "Baruch, Andrew JD"]
[Result "1-0"]
[WhiteElo "2098"]
[BlackElo "2085"]
[PlyCount "46"]
[EventDate "2012.??.??"]
[WhiteTeam "Sambuca Sharks"]
[BlackTeam "Warwickshire Select 1"]

1. d4 g6 2. c4 Bg7 3. e4 d6 4. Nc3 e5 5. Nge2 Nc6 6. Be3 Nh6 7. f3 f5 8. Qd2
fxe4 9. Bg5 e3 10. Qxe3 Nf5 11. Qd2 Bf6 12. Bxf6 Qxf6 13. O-O-O Nfxd4 14. Nd5
Qf7 15. Nxd4 Nxd4 16. f4 Be6 17. fxe5 dxe5 18. Qg5 O-O 19. Ne7+ Kg7 20. Qxe5+
Kh6 21. Ng8+ Rxg8 22. Rxd4 g5 23. Bd3 Rgf8 1-0

[Event "4NCL"]
[Site "De Vere, Sunningdale, ENG"]
[Date "2012.02.12"]
[Round "113.8"]
[White "Page, Mark E"]
[Black "Nettleton, Charlie B"]
[Result "1/2-1/2"]
[WhiteElo "2023"]
[BlackElo "1835"]
[PlyCount "43"]
[EventDate "2012.??.??"]
[WhiteTeam "Warwickshire Select 1"]
[BlackTeam "Sambuca Sharks"]

1. e4 d5 2. exd5 Nf6 3. d4 Qxd5 4. Nc3 Qd8 5. Nf3 Bg4 6. Bb5+ c6 7. Be2 e6 8.
O-O Bb4 9. Ne5 Bxe2 10. Nxe2 O-O 11. Nf4 Nbd7 12. Nfd3 Be7 13. Qe2 Qc7 14. Bf4
Bd6 15. Rfd1 Nd5 16. Bg3 b5 17. c3 Rfc8 18. a4 a6 19. Nxd7 Qxd7 20. Bxd6 Qxd6
21. Nc5 Nb6 22. axb5 1/2-1/2

[Event "4NCL"]
[Site "De Vere, Sunningdale, ENG"]
[Date "2012.02.12"]
[Round "114.1"]
[White "Jones, Richard S"]
[Black "Cooper, John G"]
[Result "1/2-1/2"]
[WhiteElo "2396"]
[BlackElo "2351"]
[PlyCount "40"]
[EventDate "2012.??.??"]
[WhiteTeam "Rhyfelwyr Essyllwg"]
[BlackTeam "South Wales Dragons"]

1. e4 e6 2. d4 d5 3. Nc3 Bb4 4. e5 c5 5. a3 Bxc3+ 6. bxc3 Qa5 7. Bd2 Qa4 8. Qg4
Kf8 9. Qd1 Nc6 10. Nf3 c4 11. h4 Bd7 12. h5 h6 13. Nh4 Nge7 14. Rh3 Ke8 15. Rf3
Rf8 16. g3 Kd8 17. Ng6 Nxg6 18. hxg6 Kc7 19. gxf7 Nd8 20. Rf4 Nxf7 1/2-1/2

[Event "4NCL"]
[Site "De Vere, Sunningdale, ENG"]
[Date "2012.02.12"]
[Round "114.2"]
[White "Redmond, John P"]
[Black "Kett, Timothy J"]
[Result "1/2-1/2"]
[WhiteElo "2246"]
[BlackElo "2181"]
[PlyCount "60"]
[EventDate "2012.??.??"]
[WhiteTeam "South Wales Dragons"]
[BlackTeam "Rhyfelwyr Essyllwg"]

1. c4 e5 2. g3 Nc6 3. Nc3 g6 4. Bg2 Bg7 5. e4 d6 6. Nge2 f5 7. d3 Nf6 8. Nd5
Nxd5 9. cxd5 Nd4 10. Nxd4 exd4 11. O-O O-O 12. Qb3 Kh8 13. f4 Rb8 14. Bd2 Bd7
15. Rfe1 fxe4 16. dxe4 c5 17. e5 Bf5 18. e6 Re8 19. a4 a6 20. Bf1 Re7 21. Qf3
Qb6 22. b3 d3 23. Rab1 c4+ 24. Be3 Qb4 25. bxc4 Qxc4 26. Bf2 Qxa4 27. Bxd3 Qa3
28. Rbd1 Rc8 29. g4 Bxd3 30. Rxd3 Qb2 1/2-1/2

[Event "4NCL"]
[Site "De Vere, Sunningdale, ENG"]
[Date "2012.02.12"]
[Round "114.4"]
[White "Smith, Jeff R"]
[Black "Brown, Tom"]
[Result "0-1"]
[WhiteElo "2165"]
[BlackElo "2082"]
[PlyCount "80"]
[EventDate "2012.??.??"]
[WhiteTeam "South Wales Dragons"]
[BlackTeam "Rhyfelwyr Essyllwg"]

1. e4 c5 2. Nc3 Nc6 3. g3 g6 4. Bg2 Bg7 5. d3 d6 6. Be3 e5 7. Nge2 Nge7 8. Qd2
Nd4 9. h3 Be6 10. f4 Qd7 11. g4 f5 12. gxf5 gxf5 13. Ng3 O-O-O 14. Nh5 Rhg8 15.
Nxg7 Rxg7 16. O-O-O Rdg8 17. Rh2 Ng6 18. exf5 Nxf5 19. fxe5 Nxe3 20. Qxe3 Nxe5
21. Bd5 Bxd5 22. Nxd5 Qe6 23. Qe4 Rg1 24. Rh1 Rxd1+ 25. Rxd1 Kb8 26. Kb1 Qxh3
27. Nf6 Rg6 28. Qf4 Qh6 29. Qxh6 Rxh6 30. Nd5 a5 31. a4 Nc6 32. Rf1 Nb4 33.
Rf8+ Ka7 34. Nxb4 axb4 35. Ka2 Kb6 36. Kb3 Rh3 37. Rf7 h5 38. Kc4 Rh2 39. c3
Rxb2 40. Rh7 Kc6 0-1

[Event "4NCL"]
[Site "De Vere, Sunningdale, ENG"]
[Date "2012.02.12"]
[Round "114.5"]
[White "Trevelyan, John"]
[Black "Jameson, David"]
[Result "1/2-1/2"]
[WhiteElo "2120"]
[BlackElo "2077"]
[PlyCount "32"]
[EventDate "2012.??.??"]
[WhiteTeam "Rhyfelwyr Essyllwg"]
[BlackTeam "South Wales Dragons"]

1. d4 Nf6 2. Nf3 e6 3. c4 b6 4. g3 Bb7 5. Bg2 Bb4+ 6. Bd2 Qe7 7. a3 Bxd2+ 8.
Nbxd2 O-O 9. O-O c5 10. Rc1 d6 11. dxc5 dxc5 12. Ne5 Bxg2 13. Kxg2 Rd8 14. Qc2
Qd6 15. Ndf3 Nc6 16. Nxc6 Qxc6 1/2-1/2

[Event "4NCL"]
[Site "De Vere, Sunningdale, ENG"]
[Date "2012.02.12"]
[Round "114.6"]
[White "Roberts, David L"]
[Black "Davies, Matthew"]
[Result "1-0"]
[WhiteElo "2079"]
[BlackElo "1982"]
[PlyCount "81"]
[EventDate "2012.??.??"]
[WhiteTeam "South Wales Dragons"]
[BlackTeam "Rhyfelwyr Essyllwg"]

1. e4 e6 2. d4 d5 3. Nd2 Nf6 4. e5 Nfd7 5. Bd3 c5 6. c3 Nc6 7. Ne2 cxd4 8. cxd4
Qb6 9. Nf3 f6 10. exf6 Nxf6 11. O-O Bd6 12. Nc3 O-O 13. Be3 a6 14. a3 Qc7 15.
Rc1 Bd7 16. b4 Qb8 17. Bg5 Bf4 18. Bxf4 Qxf4 19. Ne2 Qd6 20. Re1 Rae8 21. Ng3
e5 22. dxe5 Nxe5 23. Nxe5 Rxe5 24. Rxe5 Qxe5 25. Qe2 Qf4 26. Rf1 Re8 27. Qb2
Ng4 28. Qxg7+ Kxg7 29. Nh5+ Kf7 30. Nxf4 Nf6 31. Rc1 Bc6 32. Ne2 Ne4 33. Nd4
Ba4 34. f3 Nf6 35. Kf2 Re7 36. Nf5 Rd7 37. Nd4 Re7 38. g4 Rd7 39. g5 Nh5 40.
Bxh7 Nf4 41. Bf5 1-0

[Event "4NCL"]
[Site "De Vere, Sunningdale, ENG"]
[Date "2012.02.12"]
[Round "114.7"]
[White "Blackburn, Suzy G"]
[Black "Miles, Richard"]
[Result "1/2-1/2"]
[WhiteElo "1945"]
[BlackElo "2083"]
[PlyCount "32"]
[EventDate "2012.??.??"]
[WhiteTeam "Rhyfelwyr Essyllwg"]
[BlackTeam "South Wales Dragons"]

1. d4 Nf6 2. Nf3 g6 3. Bg5 Bg7 4. Nbd2 h6 5. Bh4 d5 6. e3 c5 7. c3 cxd4 8. cxd4
O-O 9. Bd3 Nc6 10. a3 Bf5 11. Qb1 Bxd3 12. Qxd3 Rc8 13. O-O Ne8 14. Qb5 Qd7 15.
Nb3 Nc7 16. Qd3 Ne6 1/2-1/2

[Event "4NCL"]
[Site "De Vere, Sunningdale, ENG"]
[Date "2012.02.12"]
[Round "114.8"]
[White "Freeland, Alexander"]
[Black "Reid, Vaness"]
[Result "1-0"]
[WhiteElo "1790"]
[BlackElo "1837"]
[PlyCount "45"]
[EventDate "2012.??.??"]
[WhiteTeam "South Wales Dragons"]
[BlackTeam "Rhyfelwyr Essyllwg"]

1. e4 e6 2. d4 d5 3. Nc3 Nf6 4. Bg5 dxe4 5. Nxe4 Be7 6. Bxf6 Bxf6 7. Nf3 O-O 8.
c3 b6 9. Bd3 Bb7 10. Qe2 Nd7 11. O-O-O Rb8 12. h4 Qc8 13. Nfg5 g6 14. Nxf6+
Nxf6 15. h5 c5 16. hxg6 hxg6 17. Qe5 Nh5 18. Rxh5 f6 19. Rh8+ Kg7 20. Rh7+ Kg8
21. Rh8+ Kg7 22. Rxf8 Qxf8 23. Qc7+ 1-0

[Event "4NCL"]
[Site "De Vere, Sunningdale, ENG"]
[Date "2012.02.12"]
[Round "115.2"]
[White "Walton, Alan J"]
[Black "Holland, James P"]
[Result "1/2-1/2"]
[WhiteElo "2161"]
[BlackElo "2200"]
[PlyCount "41"]
[EventDate "2012.??.??"]
[WhiteTeam "3Cs 1"]
[BlackTeam "AMCA Dragons"]

1. d4 d5 2. c4 e6 3. Nc3 c5 4. cxd5 exd5 5. Nf3 Nc6 6. g3 Nf6 7. Bg2 Be7 8. O-O
O-O 9. Bg5 c4 10. Ne5 Be6 11. b3 Qa5 12. Qd2 Rad8 13. Rfd1 Nxd4 14. Qxd4 Bc5
15. Qf4 Qxc3 16. Rac1 Qb2 17. Bxf6 gxf6 18. Qxf6 Bd4 19. Qg5+ Kh8 20. Qf6+ Kg8
21. Qg5+ 1/2-1/2

[Event "4NCL"]
[Site "De Vere, Sunningdale, ENG"]
[Date "2012.02.12"]
[Round "115.3"]
[White "Cooksey, Paul S"]
[Black "Jaunooby, Ali Reza"]
[Result "1-0"]
[WhiteElo "2273"]
[BlackElo "2146"]
[PlyCount "109"]
[EventDate "2012.??.??"]
[WhiteTeam "AMCA Dragons"]
[BlackTeam "3Cs 1"]

1. d4 d5 2. c4 c6 3. Nf3 Nf6 4. Qc2 g6 5. Bf4 Bf5 6. Qb3 Qb6 7. c5 Qxb3 8. axb3
Na6 9. Nc3 Nh5 10. Bd2 Bg7 11. h3 Be4 12. Nxe4 dxe4 13. Ng5 Bxd4 14. e3 Bxb2
15. Ra2 Bf6 16. Nxe4 Nc7 17. g4 Ng7 18. g5 Be5 19. f4 f5 20. Nf2 Nge6 21. fxe5
Nxg5 22. Be2 a6 23. h4 Nf7 24. e4 O-O-O 25. e6 Nxe6 26. Bc4 Nxc5 27. Bxf7 Rhf8
28. b4 Rxf7 29. bxc5 Rd4 30. Be3 Rc4 31. exf5 Rxf5 32. Ke2 Rh5 33. Rd2 Rd5 34.
Rh3 a5 35. Nd3 e5 36. Nf2 a4 37. Ra2 e4 38. Rg3 Kd7 39. Rg4 Re5 40. Rd2+ Kc8
41. Rf4 Rf5 42. Nh3 Kb8 43. Ng5 Rxf4 44. Bxf4+ Ka7 45. Nxh7 Ka6 46. Be3 a3 47.
Ra2 Rc3 48. Ng5 Kb5 49. Nxe4 Rb3 50. Nd2 Rb4 51. Rxa3 Rxh4 52. Ra7 Rh7 53. Ne4
Kc4 54. Rxb7 Rh4 55. Nf2 1-0

[Event "4NCL"]
[Site "De Vere, Sunningdale, ENG"]
[Date "2012.02.12"]
[Round "115.4"]
[White "Adams, Philip"]
[Black "Coates, Kenneth G"]
[Result "1/2-1/2"]
[WhiteElo "2097"]
[BlackElo "2194"]
[PlyCount "51"]
[EventDate "2012.??.??"]
[WhiteTeam "3Cs 1"]
[BlackTeam "AMCA Dragons"]

1. c4 c6 2. e4 d5 3. cxd5 cxd5 4. exd5 Nf6 5. Nc3 Nxd5 6. Nf3 e6 7. d4 Be7 8.
Bd3 b6 9. O-O Bb7 10. Re1 Nd7 11. Bd2 O-O 12. a3 Rc8 13. Ne4 N7f6 14. Ne5 a6
15. Qf3 b5 16. Rad1 Ba8 17. Qh3 Nxe4 18. Bxe4 f5 19. Bb1 Bg5 20. Bxg5 Qxg5 21.
Nf3 Qf6 22. Qg3 Rfe8 23. Qd6 Rcd8 24. Qg3 Nb6 25. Ba2 Bd5 26. Bxd5 1/2-1/2

[Event "4NCL"]
[Site "De Vere, Sunningdale, ENG"]
[Date "2012.02.12"]
[Round "116.1"]
[White "Ivell, Nicholas W"]
[Black "Richmond, Peter A"]
[Result "1/2-1/2"]
[WhiteElo "2335"]
[BlackElo "2228"]
[PlyCount "84"]
[EventDate "2012.??.??"]
[WhiteTeam "Spirit of Atticus"]
[BlackTeam "Brown Jack"]

1. e4 c5 2. Nc3 e6 3. g3 Nc6 4. Bg2 g6 5. d3 d6 6. f4 Nge7 7. Nf3 Bg7 8. O-O
O-O 9. Bd2 Rb8 10. Rb1 b5 11. a3 a5 12. a4 bxa4 13. Nxa4 Nb4 14. Bc3 Bxc3 15.
Nxc3 d5 16. Qd2 Bb7 17. Rbe1 dxe4 18. Nxe4 Bxe4 19. Rxe4 Nf5 20. Qf2 Nd5 21. b3
Nf6 22. Ree1 Nd4 23. Ne5 a4 24. bxa4 Rb2 25. Rc1 Ra2 26. Nc4 Ng4 27. Qe1 Rxc2
28. Rxc2 Nxc2 29. Qc3 Nce3 30. Nxe3 Nxe3 31. Ra1 Nxg2 32. Kxg2 Qd5+ 33. Kg1 Rd8
34. a5 Qxd3 35. Qxd3 Rxd3 36. a6 Rd8 37. a7 Ra8 38. Kf2 Kf8 39. Ke3 Ke7 40. Kd3
Kd6 41. Kc4 Kc6 42. Ra2 Kb6 1/2-1/2

[Event "4NCL"]
[Site "De Vere, Sunningdale, ENG"]
[Date "2012.02.12"]
[Round "116.2"]
[White "Hall, Daniel J"]
[Black "Carleton, John J"]
[Result "1/2-1/2"]
[WhiteElo "2120"]
[BlackElo "2293"]
[PlyCount "98"]
[EventDate "2012.??.??"]
[WhiteTeam "Brown Jack"]
[BlackTeam "Spirit of Atticus"]

1. e4 Nf6 2. e5 Nd5 3. Nc3 Nxc3 4. dxc3 d5 5. Nf3 Bg4 6. h3 Bxf3 7. Qxf3 e6 8.
Qg3 c5 9. Bb5+ Nc6 10. Bxc6+ bxc6 11. c4 Qa5+ 12. Bd2 Qa6 13. b3 g6 14. O-O Be7
15. Bh6 Rd8 16. Qf4 Rg8 17. h4 Qa5 18. Qe3 Bxh4 19. Rfd1 Be7 20. f4 d4 21. Qe4
Qb6 22. Rd3 Kd7 23. g4 Kc7 24. Kg2 Rd7 25. Rh1 Qa6 26. a4 Qc8 27. g5 Kb7 28.
Kf3 Bd8 29. Qe1 Qc7 30. Qe2 Qa5 31. Rhd1 Bb6 32. Qe4 Qa6 33. Qe2 Rdd8 34. Qe4
Ba5 35. Qe2 Bc3 36. Rh1 Qb6 37. Rhd1 Qb4 38. Qf1 Kc7 39. Qe2 Qa3 40. Rh1 Qa2
41. Qd1 Qa3 42. Qc1 Qxc1 43. Rxc1 Kb6 44. Rh1 Ka5 45. Rh2 Kb4 46. Rg2 Ka3 47.
Rh2 Kb2 48. Re2 Ka3 49. Ke4 Kb2 1/2-1/2

[Event "4NCL"]
[Site "De Vere, Sunningdale, ENG"]
[Date "2012.02.12"]
[Round "116.3"]
[White "Smith, Andrew P"]
[Black "Girdlestone, Paul C"]
[Result "1-0"]
[WhiteElo "2204"]
[BlackElo "2191"]
[PlyCount "75"]
[EventDate "2012.??.??"]
[WhiteTeam "Spirit of Atticus"]
[BlackTeam "Brown Jack"]

1. e4 e5 2. d4 exd4 3. Qxd4 Nc6 4. Qe3 Nf6 5. Nc3 Bb4 6. Bd2 O-O 7. O-O-O Re8
8. Bc4 d6 9. Nf3 Bf5 10. Qf4 Bg6 11. Ng5 h6 12. h4 Ne5 13. Bb3 Nh5 14. Qe3 Qd7
15. f4 Ng4 16. Qf3 hxg5 17. f5 Ne5 18. Qe3 Bxf5 19. exf5 Nf4 20. Kb1 Nc4 21.
Qg3 Nxd2+ 22. Rxd2 Qxf5 23. hxg5 Bxc3 24. bxc3 Re4 25. Rf2 Qe5 26. g6 d5 27.
gxf7+ Kxf7 28. Rh4 g5 29. Rh7+ Ke6 30. Qg4+ Kf6 31. Qd7 Qe6 32. Qg7+ Kf5 33.
Rh6 Qe7 34. Qxe7 Rxe7 35. g3 Kg4 36. gxf4 gxf4 37. Bxd5 Kg3 38. Rg2# 1-0